000 00571nam a2200193 i 4500
001 146182
003 ES-MaACL
005 20230906201437.0
007 t|
008 070904s1973 sp ||||1| spa d
080 _a830-311.2"19"
100 1 _aTramin, Peter von.
_9111217
245 1 4 _aLos señoritos /
_cPeter von Tramin ; [traducción de Ana Mª de la Fuente].
250 _a[1ª ed.].
260 _a[Barcelona] :
_bPlaza & Janés,
_c[1973]
300 _a431 p. ;
_c20 cm.
700 1 _aFuente, Ana María de la.
_952831
852 _aES-MaACL
_jC-54281
_bR.87086
999 _c146182
_d146182